000
00314nam a2200145Ia 4500
100
_a
Chien/Chao G
942
_c
BK
654
_a
control processes
245
_a
Computer control of Processes
260
_b
Narosa book
_a
London
_c
2002
082
_a
4.16
_b
CHI
300
_a
284
546
_a
ENGLISH
999
_c
28349
_d
28349